<?xml version="1.0" encoding="UTF-8"?>
<record
    xmlns:xsi="http://www.w3.org/2001/XMLSchema-instance"
    xsi:schemaLocation="http://www.loc.gov/MARC21/slim http://www.loc.gov/standards/marcxml/schema/MARC21slim.xsd"
    xmlns="http://www.loc.gov/MARC21/slim">

  <leader>00950naa a22002057a 4500</leader>
  <controlfield tag="001">7252</controlfield>
  <controlfield tag="003">KOSZ 005</controlfield>
  <controlfield tag="005">20180430132336.0</controlfield>
  <controlfield tag="008">160211b1980    ru ||||| |||| 10| 0 rus  </controlfield>
  <datafield tag="040" ind1=" " ind2=" ">
    <subfield code="c">BPK</subfield>
  </datafield>
  <datafield tag="041" ind1=" " ind2=" ">
    <subfield code="a">rus</subfield>
  </datafield>
  <datafield tag="044" ind1=" " ind2=" ">
    <subfield code="a">RUS</subfield>
  </datafield>
  <datafield tag="100" ind1="1" ind2=" ">
    <subfield code="a">DIACZUK, Jan.</subfield>
    <subfield code="d">1976 - 1993.</subfield>
    <subfield code="b">Wy&#x17C;sza Szko&#x142;a In&#x17C;ynierska w Koszalinie - Instytut Budowy Maszyn,</subfield>
    <subfield code="c">Zak&#x142;ad Maszyn Przemys&#x142;u Spo&#x17C;ywczego</subfield>
  </datafield>
  <datafield tag="245" ind1="1" ind2="0">
    <subfield code="a">&#x41E;&#x43F;&#x440;&#x435;&#x434;&#x435;&#x43B;&#x435;&#x43D;&#x438;&#x435; &#x432;&#x43B;&#x430;&#x436;&#x43D;&#x43E;&#x441;&#x442;&#x438; &#x437;&#x435;&#x440;&#x43D;&#x430; &#x432; &#x43F;&#x440;&#x43E;&#x446;&#x435;&#x441;&#x435; &#x435;&#x433;&#x43E; &#x440;&#x430;&#x437;&#x43C;&#x43E;&#x43B;&#x430; /</subfield>
    <subfield code="c">&#x42F;&#x43D; &#x414;&#x44F;&#x447;&#x443;&#x43A;.</subfield>
  </datafield>
  <datafield tag="500" ind1=" " ind2=" ">
    <subfield code="a">Dane z kartoteki bpp.</subfield>
  </datafield>
  <datafield tag="655" ind1=" " ind2="0">
    <subfield code="a">Materia&#x142;y konferencyjne.</subfield>
  </datafield>
  <datafield tag="711" ind1=" " ind2=" ">
    <subfield code="a">Tezisy dokladov Vsesojuznoj Konferencii : Mechanika spucich materialov</subfield>
    <subfield code="n">(4 ;</subfield>
    <subfield code="d">1980.09.17-19 ;</subfield>
    <subfield code="c">Odessa, Rosja).</subfield>
  </datafield>
  <datafield tag="773" ind1="0" ind2=" ">
    <subfield code="i">W :</subfield>
    <subfield code="t">&#x422;&#x435;&#x437;&#x438;&#x441;&#x44B; &#x434;&#x43E;&#x43A;&#x43B;&#x430;&#x434;&#x43E;&#x432; IV &#x412;&#x441;&#x435;&#x441;&#x43E;&#x44E;&#x437;&#x43D;&#x43E;&#x439; &#x41A;&#x43E;&#x43D;&#x444;&#x435;&#x440;&#x435;&#x43D;&#x446;&#x438;&#x438; : &#x41C;&#x435;&#x445;&#x430;&#x43D;&#x438;&#x43A;&#x430; &#x441;&#x44B;&#x43F;&#x443;&#x447;&#x438;&#x445; &#x43C;&#x430;&#x442;&#x435;&#x440;&#x438;&#x430;&#x43B;&#x43E;&#x432; /</subfield>
    <subfield code="d">&#x41E;&#x434;&#x435;&#x441;&#x430;, 1980. -</subfield>
    <subfield code="g">s. 325-326</subfield>
  </datafield>
  <datafield tag="942" ind1=" " ind2=" ">
    <subfield code="c">ART</subfield>
    <subfield code="2">UKD</subfield>
  </datafield>
  <datafield tag="999" ind1=" " ind2=" ">
    <subfield code="c">7252</subfield>
    <subfield code="d">7252</subfield>
  </datafield>
</record>
